000 00428nam a2200169Ia 4500
008 210716s1995 xx 000 0 und d
020 _a081471868X
041 _aeng
082 _a374.22 DIAD
100 _aDiamond, Daniel E.
245 _aContemporary challenges: American business in a global economy.
250 _a1
260 _aNew York
_c1995
300 _axv,136
650 _aNone
700 _aDiamond, Daniel E.
999 _c206394
_d206394